[Event "FIN-chT 2022"]
[Site "Finland"]
[Date "2021.11.20"]
[Round "7.3"]
[White "Jarvenpaa, Jari"]
[Black "Al Argha, Hisham"]
[Result "1-0"]
[WhiteElo "2278"]
[BlackElo "2094"]
[PlyCount "87"]
[EventDate "2020.09.12"]
[EventType "team-tourn"]
[EventRounds "11"]
[EventCountry "FIN"]
[SourceTitle "EXT 2023"]
[Source "ChessBase"]
[SourceDate "2022.10.05"]
[SourceVersion "1"]
[SourceVersionDate "2022.10.05"]
[SourceQuality "1"]
[WhiteTeam "Turku TuTS"]
[BlackTeam "Espoo MatSK II"]
[WhiteTeamCountry "FIN"]
[BlackTeamCountry "FIN"]

1. d4 Nf6 2. c4 e5 3. dxe5 Ng4 4. Bf4 Nc6 5. Nf3 Bb4+ 6. Nc3 Qe7 7. Rc1 Ngxe5 8. a3 Bxc3+ 9. Rxc3 d6 10. c5 Nxf3+ 11. gxf3 dxc5 12. Rg1 Kf8 13. Qd5 Nd4 14. Bxc7 Qxc7 15. Qxd4 cxd4 16. Rxc7 b6 17. e4 Be6 18. Ba6 g6 19. f4 Kg7 20. f5 Bb3 21. Rg3 Ba2 22. b3 Rae8 23. Bb7 Bb1 24. f3 Kf6 25. Rc1 Re7 26. Ba6 Ba2 27. Bc4 gxf5 28. Ra1 Bxb3 29. Bxb3 fxe4 30. fxe4 Rxe4+ 31. Kd2 Rf4 32. Rc1 Rf2+ 33. Kd3 Rxh2 34. Rf1+ Ke5 35. Rg5+ Kd6 36. Rf6+ Ke7 37. Rxf7+ Kd6 38. Rf6+ Kc7 39. Rg7+ Kb8 40. Bg8 Rh3+ 41. Kxd4 Rh4+ 42. Kd5 Rh5+ 43. Kd6 Rc5 44. Rff7 1-0

[Event "FIN-chT 2022"]
[Site "Finland"]
[Date "2021.10.16"]
[Round "11.3"]
[White "Hynninen, Juha"]
[Black "Al Argha, Hisham"]
[Result "1-0"]
[WhiteElo "2237"]
[BlackElo "2094"]
[PlyCount "83"]
[EventDate "2020.09.12"]
[EventType "team-tourn"]
[EventRounds "11"]
[EventCountry "FIN"]
[SourceTitle "EXT 2023"]
[Source "ChessBase"]
[SourceDate "2022.10.05"]
[SourceVersion "1"]
[SourceVersionDate "2022.10.05"]
[SourceQuality "1"]
[WhiteTeam "Gambiitti"]
[BlackTeam "Espoo MatSK II"]
[WhiteTeamCountry "FIN"]
[BlackTeamCountry "FIN"]

1. d4 Nf6 2. c4 e6 3. Nc3 Bb4 4. e3 0-0 5. Nge2 d5 6. a3 Be7 7. cxd5 exd5 8. Ng3 Re8 9. Bd3 c5 10. Nge2 Nc6 11. 0-0 Bd6 12. h3 c4 13. Bc2 a6 14. f3 Bc7 15. e4 Bb6 16. Be3 Bf5 17. g4 dxe4 18. gxf5 exf3 19. Rxf3 Rxe3 20. Rxe3 Nxd4 21. Nxd4 Bxd4 22. Qd2 Qb6 23. Rae1 Re8 24. Kf2 Rd8 25. Kf3 Bxe3 26. Qxe3 Qxb2 27. Re2 Qxa3 28. Bb1 b5 29. Nd5 Qxe3+ 30. Nxe3 Kf8 31. Be4 Nxe4 32. Kxe4 Ke7 33. Ra2 Kd6 34. Rxa6+ Kc5 35. Ra7 Re8+ 36. Kf4 Rc8 37. Rxf7 b4 38. Rxg7 c3 39. Rb7 Rc6 40. Ke5 Rh6 41. f6 Rxh3 42. f7 1-0

[Event "FIN-chT 1920"]
[Site "Finland"]
[Date "2019.09.15"]
[Round "2.4"]
[White "Al Argha, Hisham"]
[Black "Maki Uuro, Miika"]
[Result "0-1"]
[WhiteElo "2113"]
[BlackElo "2332"]
[PlyCount "116"]
[EventDate "2019.09.14"]
[EventType "team-tourn"]
[EventRounds "11"]
[EventCountry "FIN"]
[SourceTitle "EXT 2020"]
[Source "ChessBase"]
[SourceDate "2019.10.17"]
[SourceVersion "1"]
[SourceVersionDate "2019.10.17"]
[SourceQuality "1"]
[WhiteTeam "Espoo MatSK II"]
[BlackTeam "Helsinki Ninja"]
[WhiteTeamCountry "FIN"]
[BlackTeamCountry "FIN"]

1. Nf3 d5 2. g3 Bg4 3. Bg2 Nd7 4. d4 e6 5. c4 c6 6. Nc3 Ngf6 7. cxd5 exd5 8. Qb3 Qb6 9. Qxb6 axb6 10. Bf4 b5 11. 0-0 b4 12. Nb1 Be7 13. h3 Bf5 14. g4 Bg6 15. a4 bxa3 16. Nxa3 0-0 17. Rac1 Rfe8 18. e3 Bxa3 19. bxa3 Rxa3 20. Ra1 Rea8 21. Rxa3 Rxa3 22. Ne5 Nxe5 23. Bxe5 Nd7 24. Bd6 Ra2 25. Rc1 f6 26. h4 Nb6 27. Bc7 Nc4 28. e4 Bf7 29. Rb1 dxe4 30. Bxe4 Rb2 31. Rxb2 Nxb2 32. Kf1 Bd5 33. Bc2 Bf3 34. g5 fxg5 35. hxg5 h5 36. gxh6 gxh6 37. Ke1 Nc4 38. Bb3 Bd5 39. Bf4 Kg7 40. Ke2 Nb6 41. Bc2 Nd7 42. Bf5 Nf6 43. f3 b5 44. Bd6 Kf7 45. Ke3 Ne8 46. Bb4 Nc7 47. Bd6 Ne8 48. Bb4 Ng7 49. Bd7 Kf6 50. Kf4 Ne6+ 51. Ke3 h5 52. Bxe6 Kxe6 53. Kf4 Bb3 54. Kg5 Kd5 55. Bc3 Kc4 56. Ba1 b4 57. Kxh5 Kd3 58. Kg5 Bd5 0-1

[Event "Helsinki Easter op"]
[Site "Helsinki"]
[Date "2018.04.02"]
[Round "6"]
[White "Tuovinen, Jukka"]
[Black "Al Argha, Hisham"]
[Result "0-1"]
[WhiteElo "2003"]
[BlackElo "2183"]
[PlyCount "68"]
[EventDate "2018.03.30"]
[EventType "swiss"]
[EventRounds "6"]
[EventCountry "FIN"]
[SourceTitle "EXT 2019"]
[Source "ChessBase"]
[SourceDate "2018.10.10"]
[SourceVersion "1"]
[SourceVersionDate "2018.10.10"]
[SourceQuality "1"]

1. e4 e5 2. Nf3 Nc6 3. d4 exd4 4. Nxd4 Nf6 5. Nxc6 bxc6 6. Qd4 d5 7. exd5 cxd5 8. Bb5+ Bd7 9. Bxd7+ Qxd7 10. 0-0 Be7 11. Nc3 0-0 12. Bf4 Rfe8 13. a3 c5 14. Qa4 Qf5 15. Nb5 d4 16. Bg3 Qd7 17. Qa6 Rec8 18. Rfe1 Bf8 19. a4 Nd5 20. Na3 c4 21. Qb5 Qxb5 22. Nxb5 d3 23. cxd3 cxd3 24. Rad1 Bb4 25. Re5 Nb6 26. b3 d2 27. Kf1 Rc1 28. Ke2 Rac8 29. Rxd2 Bxd2 30. Kxd2 R1c2+ 31. Kd3 f6 32. Re7 Rb2 33. Rxa7 Rxb3+ 34. Kd4 Rc4# 0-1

[Event "Helsinki We Garde"]
[Site "Helsinki"]
[Date "2017.10.01"]
[Round "4"]
[White "Ertbjerg, Per"]
[Black "Al Argha, Hisham"]
[Result "1-0"]
[WhiteElo "1888"]
[BlackElo "2263"]
[PlyCount "93"]
[EventDate "2017.09.29"]
[EventType "swiss"]
[EventRounds "5"]
[EventCountry "FIN"]
[SourceTitle "EXT 2022"]
[Source "ChessBase"]
[SourceDate "2021.10.06"]
[SourceVersion "1"]
[SourceVersionDate "2021.10.06"]
[SourceQuality "1"]

1. d4 Nf6 2. c4 c5 3. d5 e6 4. Nc3 exd5 5. cxd5 g6 6. e4 d6 7. Be2 Bg7 8. Bg5 h6 9. Bh4 0-0 10. Nf3 Bg4 11. 0-0 Re8 12. Nd2 Bxe2 13. Qxe2 a6 14. a4 g5 15. Bg3 Nxe4 16. Ncxe4 f5 17. f3 fxe4 18. fxe4 Qe7 19. Nc4 Qxe4 20. Qxe4 Rxe4 21. Nb6 Ra7 22. Bxd6 Bd4+ 23. Kh1 Nc6 24. dxc6 bxc6 25. Rae1 Rxe1 26. Rxe1 Rb7 27. Re8+ Kf7 28. Rb8 Rxb8 29. Bxb8 Bxb2 30. Bd6 Bd4 31. g4 Ke6 32. Bf8 c4 33. Nxc4 Kd5 34. Nd2 Be3 35. Nf3 c5 36. Bxh6 c4 37. Bg7 Ke4 38. Kg2 Kd3 39. Ne5+ Kd4 40. Nc6+ Kc5 41. Kf3 Bf4 42. Ne7 Bxh2 43. Bc3 Bf4 44. Ke4 Bc1 45. Nd5 Ba3 46. Bd4+ Kd6 47. Ne3 1-0

[Event "Helsinki We Garde"]
[Site "Helsinki"]
[Date "2017.09.30"]
[Round "3"]
[White "Al Argha, Hisham"]
[Black "Syvalahti, Timo"]
[Result "0-1"]
[WhiteElo "2263"]
[BlackElo "2172"]
[PlyCount "132"]
[EventDate "2017.09.29"]
[EventType "swiss"]
[EventRounds "5"]
[EventCountry "FIN"]
[SourceTitle "EXT 2022"]
[Source "ChessBase"]
[SourceDate "2021.10.06"]
[SourceVersion "1"]
[SourceVersionDate "2021.10.06"]
[SourceQuality "1"]

1. e4 e6 2. Nf3 d5 3. Nc3 Nf6 4. e5 Nfd7 5. Ne2 c5 6. c3 Nc6 7. d4 b5 8. h4 a5 9. g3 b4 10. Bh3 Ba6 11. 0-0 Qb6 12. Re1 Bxe2 13. Rxe2 a4 14. a3 bxc3 15. bxc3 Qb3 16. Qe1 Qc4 17. Be3 Na5 18. Rb2 Qa6 19. Bf1 c4 20. Nh2 Rb8 21. Rxb8+ Nxb8 22. f4 Nbc6 23. Bh3 Na7 24. f5 Nb5 25. fxe6 fxe6 26. Nf3 Nb3 27. Ra2 Be7 28. Ng5 Bxg5 29. Bxg5 Rf8 30. Qe2 g6 31. Qe3 Qc6 32. Bf6 Qd7 33. Bg4 Qf7 34. Bd1 Kd7 35. g4 Kc6 36. g5 Qa7 37. Bg4 Re8 38. Kg2 Qa5 39. Be7 Rxe7 40. Qf3 Qd8 41. Qf6 Qe8 42. Qf3 Qf7 43. Qh3 Nc1 44. Rf2 Qe8 45. Rf6 Nd3 46. Kh1 Nc7 47. Qf3 Qb8 48. Rf8 Qb1+ 49. Kh2 Qc2+ 50. Kg3 Qxc3 51. Qf6 Qe1+ 52. Kg2 Qf2+ 53. Qxf2 Nxf2 54. Rxf2 Nb5 55. Bd1 Nxd4 56. Bxa4+ Kc5 57. Rf8 Nb5 58. Rc8+ Nc7 59. Kf2 Kd4 60. Bc2 Kxe5 61. a4 d4 62. a5 d3 63. Ba4 Kd4 64. Bc6 c3 65. Ke1 c2 66. Kd2 Rf7 0-1

[Event "Olomouc op 19th"]
[Site "Olomouc"]
[Date "2016.08.15"]
[Round "4"]
[White "Itgelt, Khuyagtsogt"]
[Black "Al Argha, Hisham"]
[Result "1/2-1/2"]
[WhiteElo "1921"]
[BlackElo "2309"]
[PlyCount "79"]
[EventDate "2016.08.13"]
[EventType "swiss"]
[EventRounds "9"]
[EventCountry "CZE"]
[SourceTitle "CBM 173 Extra"]
[Source "ChessBase"]
[SourceDate "2016.08.29"]
[SourceVersion "1"]
[SourceVersionDate "2016.08.29"]
[SourceQuality "1"]

1. e4 c5 2. Nf3 Nc6 3. d4 cxd4 4. Nxd4 e5 5. Nb5 d6 6. N1c3 a6 7. Na3 b5 8. Nd5 Nce7 9. Be3 Nxd5 10. Qxd5 Be6 11. Qd3 d5 12. exd5 Qxd5 13. Qxd5 Bxd5 14. Nb1 Nf6 15. Nc3 Bb4 16. Bd2 Bb7 17. f3 0-0 18. Bd3 Rfe8 19. 0-0-0 Rac8 20. Rhe1 Bc5 21. Ne4 Nxe4 22. Bxe4 Bxe4 23. Rxe4 f6 24. Rde1 Red8 25. Be3 Bf8 26. Rd1 Kf7 27. Rxd8 Rxd8 28. Bb6 Rc8 29. Kd2 Ke6 30. c3 Rc6 31. Bf2 g6 32. Bg3 Kd5 33. a4 Rc4 34. axb5 axb5 35. Kd3 Bd6 36. Rxc4 bxc4+ 37. Kc2 f5 38. b3 Bc5 39. bxc4+ Ke6 40. Kd3 1/2-1/2

[Event "Tula Rjazanov Memorial"]
[Site "Tula"]
[Date "2016.02.12"]
[Round "7"]
[White "Tishin, Petr"]
[Black "Al Argha, Hisham"]
[Result "1/2-1/2"]
[WhiteElo "2420"]
[BlackElo "2246"]
[PlyCount "113"]
[EventDate "2016.02.05"]
[EventType "swiss"]
[EventRounds "9"]
[EventCountry "RUS"]
[SourceTitle "CBM 171 Extra"]
[Source "ChessBase"]
[SourceDate "2016.04.26"]
[SourceVersion "1"]
[SourceVersionDate "2016.04.26"]
[SourceQuality "1"]

1. e4 e5 2. Nf3 Nc6 3. Bc4 Bc5 4. c3 Nf6 5. d3 a6 6. Bb3 0-0 7. Bg5 h6 8. Bh4 Be7 9. Nbd2 d6 10. Bg3 Re8 11. Nf1 Bf8 12. Ne3 Be6 13. Bxe6 Rxe6 14. 0-0 d5 15. exd5 Nxd5 16. Nc4 f6 17. Re1 Qd7 18. d4 b5 19. Ne3 exd4 20. Nxd4 Nxe3 21. Rxe3 Rxe3 22. fxe3 Re8 23. Nc2 Rd8 24. Qxd7 Rxd7 25. Nd4 Na5 26. b4 Nc4 27. Kf2 Re7 28. Nf5 Rd7 29. Nd4 Nd2 30. Ke2 Ne4 31. Be1 Bd6 32. Kd3 Re7 33. a4 Bxh2 34. axb5 axb5 35. Nxb5 f5 36. Nd4 g6 37. Ra8+ Kf7 38. g4 fxg4 39. Nc6 g3 40. Bxg3 Rd7+ 41. Kxe4 Bxg3 42. b5 h5 43. Ra7 Ke6 44. Nd4+ Ke7 45. c4 h4 46. Kf3 Bd6 47. Kg4 Bc5 48. Nc6+ Ke6 49. Ra6 Rh7 50. Ra2 h3 51. Rh2 Bxe3 52. Rxh3 Rxh3 53. Kxh3 Kd6 54. Nb4 Kc5 55. Nd5 Bd4 56. Nxc7 Kxc4 57. Kg4 1/2-1/2

[Event "Tula Rjazanov Memorial"]
[Site "Tula"]
[Date "2016.02.11"]
[Round "6"]
[White "Al Argha, Hisham"]
[Black "Sadikhov, Ulvi Ramil Oglu"]
[Result "0-1"]
[WhiteElo "2246"]
[BlackElo "2393"]
[PlyCount "122"]
[EventDate "2016.02.05"]
[EventType "swiss"]
[EventRounds "9"]
[EventCountry "RUS"]
[SourceTitle "CBM 171 Extra"]
[Source "ChessBase"]
[SourceDate "2016.04.26"]
[SourceVersion "1"]
[SourceVersionDate "2016.04.26"]
[SourceQuality "1"]

1. e4 c5 2. Nf3 d6 3. d4 cxd4 4. Nxd4 Nf6 5. Nc3 a6 6. Bg5 e6 7. f4 Bd7 8. Qe2 h6 9. Bh4 Be7 10. 0-0-0 Nc6 11. Nf3 Qa5 12. Kb1 b5 13. e5 b4 14. exf6 bxc3 15. fxg7 Rg8 16. Qe1 Bxh4 17. Nxh4 Rb8 18. b3 d5 19. Nf5 Qa3 20. Qxc3 exf5 21. Rxd5 Qb4 22. Qf6 Qe1+ 23. Kb2 Qe6 24. Qxe6+ Bxe6 25. Rd2 a5 26. Bd3 Rxg7 27. Re1 Kf8 28. g3 h5 29. Be2 h4 30. Bf3 Ne7 31. gxh4 Ng6 32. h5 Nxf4 33. Rd4 Nh3 34. Ra4 Rb5 35. Rh4 Nf2 36. h6 Rh7 37. Re2 Ng4 38. a4 Rb4 39. h3 Rxh6 40. Rxh6 Nxh6 41. Bc6 Rh4 42. Re5 Rxh3 43. Rxa5 f4 44. Ra8+ Kg7 45. a5 f3 46. Bxf3 Rxf3 47. a6 Rf2 48. a7 Bd5 49. Rd8 Be4 50. Rc8 Nf5 51. a8Q Bxa8 52. Rxa8 Ne3 53. Rc8 f5 54. b4 Rf4 55. Kb3 Rf1 56. c4 f4 57. c5 f3 58. Rc7+ Kf6 59. Rc8 f2 60. Rf8+ Ke7 61. Rf3 Rb1+ 0-1

[Event "Tula Rjazanov Memorial"]
[Site "Tula"]
[Date "2016.02.09"]
[Round "4"]
[White "Domogaev, Sergey"]
[Black "Al Argha, Hisham"]
[Result "1/2-1/2"]
[WhiteElo "2439"]
[BlackElo "2246"]
[PlyCount "71"]
[EventDate "2016.02.05"]
[EventType "swiss"]
[EventRounds "9"]
[EventCountry "RUS"]
[SourceTitle "CBM 171 Extra"]
[Source "ChessBase"]
[SourceDate "2016.04.26"]
[SourceVersion "1"]
[SourceVersionDate "2016.04.26"]
[SourceQuality "1"]

1. d4 d5 2. c4 c6 3. Nf3 Nf6 4. e3 a6 5. Bd2 Bf5 6. Nc3 e6 7. a4 a5 8. Nh4 Bg6 9. Qb3 Bb4 10. Nxg6 hxg6 11. Bd3 Qd6 12. h3 g5 13. 0-0-0 Na6 14. f3 Qg3 15. Rhg1 0-0 16. Kb1 Rfe8 17. Be1 Qc7 18. h4 g4 19. Rc1 Qe7 20. Bf2 Rab8 21. cxd5 exd5 22. Rce1 Qd6 23. e4 g3 24. Be3 dxe4 25. fxe4 Bxc3 26. bxc3 Nxe4 27. Rgf1 Nf6 28. Ka2 Nc5 29. Rxf6 gxf6 30. Bh7+ Kxh7 31. Qxf7+ Kh8 32. Qh5+ Kg8 33. Qg6+ Kh8 34. Qh5+ Kg8 35. Qg6+ Kh8 36. Qh5+ 1/2-1/2

[Event "Brno op 6th"]
[Site "Brno"]
[Date "2015.11.17"]
[Round "5"]
[White "Chan, Naruna"]
[Black "Al Argha, Hisham"]
[Result "1/2-1/2"]
[WhiteElo "1897"]
[BlackElo "2312"]
[PlyCount "151"]
[EventDate "2015.11.14"]
[EventType "swiss"]
[EventRounds "9"]
[EventCountry "CZE"]
[SourceTitle "CBM 169 Extra"]
[Source "ChessBase"]
[SourceDate "2015.12.18"]
[SourceVersion "1"]
[SourceVersionDate "2015.12.18"]
[SourceQuality "1"]

1. e4 e5 2. Nf3 Nf6 3. Nc3 Bb4 4. Bc4 0-0 5. 0-0 d6 6. d3 Nbd7 7. h3 c6 8. Bg5 h6 9. Bh4 g5 10. Bg3 b5 11. Bb3 Nc5 12. Ne2 Nxb3 13. axb3 Nh5 14. c3 Ba5 15. d4 f6 16. dxe5 dxe5 17. Qc2 Bb6 18. Rfd1 Qe7 19. c4 Be6 20. Rac1 Qc5 21. Ne1 Rfd8 22. Nd3 Qe7 23. c5 Bc7 24. Nb4 Qe8 25. Rxd8 Bxd8 26. Rd1 a5 27. Nd3 Qf7 28. Ndc1 Be7 29. f3 a4 30. bxa4 Rxa4 31. b3 Ra3 32. Rd3 Qf8 33. Bf2 Qa8 34. Kh2 Ng7 35. Be1 Qe8 36. Bb4 Ra8 37. Qd2 h5 38. Qe1 Qg6 39. Qf2 Rf8 40. Bc3 Rd8 41. Rxd8+ Bxd8 42. Qe3 Qf7 43. Qd2 Be7 44. b4 h4 45. Qb2 Bc4 46. Qa3 Ne6 47. Qa8+ Nd8 48. Kg1 Qe6 49. Qa1 Qd7 50. Qb2 Qd1+ 51. Kh2 Ne6 52. Qd2 Qxd2 53. Bxd2 Nd4 54. Nxd4 exd4 55. g3 hxg3+ 56. Kxg3 Bd8 57. f4 Bc7 58. Kf3 gxf4 59. Bxf4 Bxf4 60. Kxf4 Kf7 61. Kf3 Kg6 62. Ne2 d3 63. Nc3 Kg5 64. Nd1 Kh5 65. Ke3 Be6 66. Nf2 Kh4 67. Nxd3 Bxh3 68. Kf4 Kh5 69. Ne1 Kg6 70. Nf3 Kf7 71. Nd4 Bd7 72. e5 fxe5+ 73. Kxe5 Ke7 74. Ne2 Bg4 75. Nf4 Bf3 76. Ng6+ 1/2-1/2

[Event "Tula Efremenkov Memorial"]
[Site "Tula"]
[Date "2015.01.16"]
[Round "4"]
[White "Tishin, Petr"]
[Black "Al Argha, Hisham"]
[Result "1/2-1/2"]
[WhiteElo "2401"]
[BlackElo "2248"]
[PlyCount "54"]
[EventDate "2015.01.14"]
[EventType "tourn"]
[EventRounds "13"]
[EventCountry "RUS"]
[EventCategory "2"]
[SourceTitle "CBM 164 Extra"]
[Source "ChessBase"]
[SourceDate "2015.03.02"]
[SourceVersion "1"]
[SourceVersionDate "2015.03.02"]
[SourceQuality "1"]

1. d4 d5 2. c4 c6 3. cxd5 cxd5 4. Nc3 Nf6 5. Nf3 a6 6. Bf4 e6 7. e3 Bd6 8. Bxd6 Qxd6 9. Ne5 Nc6 10. f4 b5 11. Rc1 Bd7 12. Bd3 0-0 13. 0-0 Rac8 14. Qe2 Na5 15. Rc2 Nc4 16. Nb1 Nb6 17. Rfc1 Rxc2 18. Rxc2 Rc8 19. Qd1 Rxc2 20. Qxc2 Nc4 21. Qc1 Ne8 22. b3 Nxe5 23. fxe5 Qc7 24. Qxc7 Nxc7 25. b4 Na8 26. Nd2 Nb6 27. Nb3 Na4 1/2-1/2